000 00447cam a2200181ua 4500
020 _cRs 25.00
041 _aeng
_h
082 _a828.09
_bNIC/BR
100 _aNicoll, Allardyce .
245 _aBritish drama /
_cAllardyce Nicoll.
_hTextual Documents
250 _a5 /
_b.
260 _aLondon :
_bGeorge G Harrap & Co Ltd ,
_c1966.
300 _a365 ; .
365 _aRs 25.00
504 _a
942 _cBK
999 _c3535
_d3535